| 000 | 00550nam a2200169Ia 4500 | ||
|---|---|---|---|
| 003 | GCL | ||
| 008 | 140319s9999 xx 000 0 ara d | ||
| 040 |
_aGCL / _cGCL |
||
| 082 | 0 | 4 |
_a811.009928 _bف ق |
| 100 | 1 | _aفاطمة محجوب | |
| 245 | 1 | 0 |
_aقضية الزمن فى الشعر العربى الشباب والمشيب / _cفاطمة محجوب |
| 260 |
_a[S.N] : _bدار المعارف ، _c1980 |
||
| 300 | _a147 ص | ||
| 490 |
_aمكتبة الدراسات الادبية _v0 |
||
| 650 | 0 | 4 | _aالشعر العربى |
| 942 |
_2ddc _cBK |
||
| 999 |
_c55463 _d55463 |
||